[Event "Frankfurt-ch"]
[Site "Frankfurt"]
[Date "2010.05.31"]
[Round "5"]
[White "Ahlheim, Marcus"]
[Black "Lessmann, Sven"]
[Result "1-0"]
[WhiteElo "1548"]
[BlackElo "1265"]
[PlyCount "55"]
[EventDate "2010.04.26"]
[EventType "swiss"]
[EventRounds "7"]
[EventCountry "GER"]
[SourceTitle "EXT 2011"]
[Source "ChessBase"]
[SourceDate "2010.11.26"]
[SourceVersion "1"]
[SourceVersionDate "2010.11.26"]
[SourceQuality "1"]

1. d4 d5 2. e3 Nf6 3. Bd3 g6 4. c3 Bg7 5. Nd2 0-0 6. f4 e6 7. Ngf3 Nc6 8. 0-0 b6 9. Qe1 Bb7 10. Ne5 Nxe5 11. fxe5 Nd7 12. Qg3 c5 13. Qg4 Qe7 14. Nf3 f6 15. exf6 Nxf6 16. Qh4 Qc7 17. Ne5 Ne4 18. Bxe4 Rxf1+ 19. Kxf1 Rf8+ 20. Bf3 Bxe5 21. dxe5 Ba6+ 22. Kg1 Qxe5 23. Bd2 Bd3 24. Qg3 Qf6 25. Re1 Qd8 26. Qe5 Qd7 27. Bg4 Rf6 28. Qxf6 1-0

[Event "Frankfurt-ch"]
[Site "Frankfurt"]
[Date "2010.04.26"]
[Round "1"]
[White "Ahlheim, Marcus"]
[Black "Koch, Markus"]
[Result "0-1"]
[WhiteElo "1548"]
[BlackElo "2045"]
[PlyCount "114"]
[EventDate "2010.04.26"]
[EventType "swiss"]
[EventRounds "7"]
[EventCountry "GER"]
[SourceTitle "EXT 2011"]
[Source "ChessBase"]
[SourceDate "2010.11.26"]
[SourceVersion "1"]
[SourceVersionDate "2010.11.26"]
[SourceQuality "1"]

1. d4 Nf6 2. Bg5 c5 3. d5 d6 4. c4 e5 5. dxe6 Bxe6 6. e4 Be7 7. Nc3 Qa5 8. Qd2 Nc6 9. 0-0-0 0-0 10. Bd3 a6 11. Kb1 b5 12. Nd5 Bxd5 13. Qxa5 Nxa5 14. cxd5 c4 15. Bc2 Rfe8 16. Bf4 Bf8 17. f3 Nb7 18. Ne2 a5 19. Nd4 b4 20. Nc6 Nc5 21. Rd4 c3 22. bxc3 bxc3 23. a4 Nfd7 24. Rc4 Nb6 25. Rxc3 f5 26. exf5 Nxd5 27. Rxc5 Nxf4 28. Bb3+ Kh8 29. Rxa5 Rac8 30. Nd4 Nxg2 31. Ne6 Rc3 32. Bd5 Ne3 33. Ba2 Be7 34. Rc1 Rd3 35. Rc7 Bf6 36. Rc1 Rd2 37. Rb5 h5 38. a5 Ra8 39. Nf4 h4 40. h3 Kh7 41. Rc6 Ra6 42. Rc8 Rd1+ 43. Rc1 Rc6 44. Rxd1 Nxd1 45. Rb8 Nc3+ 46. Kb2 Ne2+ 47. Ka3 Nxf4 48. Bg8+ Kh6 49. Bf7 Kg5 50. Bg6 Rc5 51. Ka4 Bc3 52. a6 Ra5+ 53. Kb3 Bd4 54. Kc4 Bc5 55. Ra8 d5+ 56. Kc3 Ra3+ 57. Kd2 d4 0-1